Statistics for Breaking Bad

Click here to take the quiz!

General Stats

  • This quiz has been taken 415 times
    (406 since last reset)
  • The average score is 16 of 20

Answer Stats

HintAnswer% Correct
What is the name of the main character?Walter White
100%
And how many Emmy's has Bryan Cranston won for the show? | How many season have there been?5
97%
What subject does the main character teach?Chemistry
96%
What drug does Walt and Jesse manufacture?Meth
94%
What is the last name of the main character?White
94%
What is Walt's wife called?Skyler
92%
Where does Hank Schrader work?DEA
92%
What disease has the main character been diagonsed with?Cancer
92%
Who is the main villain from Season 2 to Season 4?Gustavo Fring
92%
Which state is the show set in?New Mexico
91%
Which actor plays Jesse Pinkman?Aaron Paul
85%
What network does the show air on?AMC
74%
Who created Breaking Bad?Vince Gilligan
68%
How does Gus die?Face blown off in explosion
64%
What is the name of the last ever episode?Felina
60%
Who does Gus kill with a boxcutter?Victor
51%
And finally, where does Walt die?Meth lab
45%
Which actor plays Saul Goodman?Bob Odenkirk
42%
What is the name of the main character's children?Walter Jr and Holly
29%

Score Distribution

Percentile by Number Answered

Percent of People with Each Score

Your Score History

You have not taken this quiz since the last reset